| 000 | 00489nam a2200169Ia 4500 | ||
|---|---|---|---|
| 999 |
_c21944 _d21944 |
||
| 003 | OSt | ||
| 005 | 20200519112933.0 | ||
| 008 | 190216s9999||||xx |||||||||||||| ||und|| | ||
| 040 | _coclc | ||
| 082 |
_a340.59 _bFYZ/O |
||
| 100 |
_aFyzee, Asaf A A _92188 |
||
| 245 | 0 |
_aOutlines Of Muhammadan Law / _cAsaf A A Fyzee |
|
| 250 | _a3rd ed. | ||
| 260 |
_bOxford University Press, _c1964. _aNew Delhi: |
||
| 300 | _a509p | ||
| 942 |
_cBK _2ddc _h340.59 _iFYZ/O _k340.59 _mFYZ/O |
||